All Countries to Win a Medal at the 2024 Paris Olympics - Statistics

General Stats
  • This quiz has been taken 1,467 times
  • The average score is 67 of 90
Answer Stats
Total Medals Country % Correct
126 United States
100%
91 China
98%
64 France
98%
65 United Kingdom
98%
45 Japan
96%
53 Australia
95%
18 Spain
95%
27 Canada
94%
20 Brazil
93%
33 Germany
93%
40 Italy
93%
11 Sweden
93%
8 Norway
92%
32 South Korea
92%
5 Mexico
91%
4 Portugal
91%
3 Argentina
90%
6 India
90%
34 Netherlands
90%
20 New Zealand
90%
6 South Africa
88%
10 Belgium
86%
3 Egypt
86%
8 Greece
86%
6 Jamaica
86%
10 Poland
86%
2 Chile
85%
8 Turkey
85%
5 Austria
84%
7 Ireland
84%
8 Switzerland
84%
12 Ukraine
84%
4 Colombia
83%
9 Denmark
83%
5 Serbia
83%
11 Kenya
82%
2 Morocco
82%
3 Algeria
81%
9 Cuba
81%
19 Hungary
81%
3 Indonesia
81%
12 Iran
81%
9 Romania
81%
1 Slovakia
81%
1 Pakistan
80%
3 Slovenia
80%
7 Croatia
79%
5 Czechia
79%
4 Ethiopia
79%
1 Peru
78%
7 Israel
77%
7 Kazakhstan
77%
6 Thailand
77%
7 Bulgaria
76%
6 North Korea
76%
4 Lithuania
73%
7 Chinese Taipei
71%
3 Dominican Republic
70%
2 Malaysia
70%
4 Philippines
70%
13 Uzbekistan
68%
2 Albania
67%
5 Ecuador
67%
7 Georgia
65%
1 Panama
65%
3 Tunisia
65%
4 Armenia
64%
1 Fiji
64%
1 Mongolia
64%
7 Azerbaijan
63%
2 St. Lucia
62%
3 Tajikistan
62%
2 Guatemala
61%
1 Qatar
61%
1 Singapore
61%
6 Kyrgyzstan
59%
1 Dominica
57%
1 Jordan
55%
4 Moldova
55%
2 Kosovo
54%
2 Botswana
52%
1 Cyprus
52%
2 Uganda
51%
4 Bahrain
46%
2 Grenada
40%
1 Zambia
40%
1 Ivory Coast
35%
4 Hong Kong
30%
1 Cape Verde
20%
2 Puerto Rico
20%
No matching quizzes found
Score Distribution
Percent of People with Each Score
Percentile by Number Answered
Your Score History
You have not taken this quiz